[Event "Belt Road Women 2019"]
[Site "Shaoxing"]
[Date "2019.07.16"]
[Round "8.9"]
[White "Lei, Tingjie"]
[Black "Gu, Tianlu"]
[Result "1-0"]
[WhiteElo "2505"]
[BlackElo "2205"]
[Annotator "TA"]
[PlyCount "53"]
[EventDate "2019.07.08"]
[EventType "swiss"]
[EventCountry "CHN"]
[SourceTitle "playchess.com"]
[Source "ChessBase"]
[SourceQuality "1"]

{[%evp 17,53,8,39,25,30,34,62,66,103,100,141,30,27,33,64,23,98,109,202,215,352,347,727,698,1257,566,537,545,513,513,566,575,668,455,1167,1167,1272,1225]} 1. e4 e6 2. d4 d5 3. Nc3 dxe4 4. Nxe4 Nd7 {[%cal Bb8d7,Bd7f6,Bf6d5][%mdl 32]} 5. Bd3 Ngf6 6. Qe2 c5 7. Nf3 cxd4 8. Nxf6+ Nxf6 9. O-O Be7 10. Bf4 $146 {[%mdl 1024] White has compensation. C10: French with 3 Nc3: Unusual Black 3rd moves and 3...dxe4} ({Predecessor:} 10. b3 O-O 11. Bb2 b6 12. Rad1 Bb7 13. Bxd4 Qc7 14. Ne5 Rad8 15. Bb2 Ba8 16. f4 g6 17. Kh1 Bc5 {½-½ (55) Akshayraj,K (2392)-Rodshtein,M (2605) Gaziantep 2008}) 10... Nd5 11. Be5 Bf6 12. Rad1 {White is slightly better.} Bd7 13. Be4 {And now Bxd5 would win.} Qa5 {[#]} 14. c4 (14. Bxd5 $1 $16 Qxd5 15. Rxd4) 14... Bxe5 $11 15. cxd5 Bf6 16. dxe6 fxe6 (16... Bxe6 $11 {remains equal.} 17. Nxd4 Bxd4 18. Rxd4 O-O) 17. Bxb7 $16 Rb8 {[#]} (17... Rd8 $16) 18. Bc6 $1 $18 {[%mdl 512]} e5 (18... Bxc6 $142 19. Qxe6+ {[%mdl 64] Double Attack} Kf8) 19. Nxd4 Kf8 $2 (19... O-O 20. Nb3 (20. Bxd7 exd4 21. Be6+ Kh8 $16) 20... Rxb3) 20. Nb3 {White is clearly winning.} Qxa2 21. Nc1 (21. Rxd7 $142 {Qc4 would kill now.} Qxb3 22. Bd5) 21... Qxb2 22. Qxb2 Rxb2 23. Rxd7 a5 24. Ra7 g6 25. Bd5 Bg5 (25... Rd2 $142 26. Be4 Rd4) 26. Nd3 Rd2 {[#]} 27. Rb1 {Played: f2-f4} 1-0

[Event "Belt Road Women 2019"]
[Site "Shaoxing"]
[Date "2019.07.16"]
[Round "8.10"]
[White "Khademalsharieh, Sarasadat"]
[Black "Tokhirjonova, Gulrukhbegim"]
[Result "1-0"]
[WhiteElo "2481"]
[BlackElo "2422"]
[Annotator "TA"]
[PlyCount "129"]
[EventDate "2019.07.08"]
[EventType "swiss"]
[EventCountry "CHN"]
[SourceTitle "playchess.com"]
[Source "ChessBase"]
[SourceQuality "1"]

{[%evp 15,129,20,35,41,28,25,16,12,31,22,18,25,18,12,17,0,31,0,33,-44,-33,-55,-56,-25,-25,-20,28,31,35,36,32,29,37,20,102,102,102,102,104,102,127,107,154,154,146,132,151,154,189,153,142,32,31,39,57,4,4,4,8,8,8,8,237,237,237,237,237,237,237,237,237,237,231,223,227,222,380,374,358,339,369,365,357,317,1627,1612,1546,1458,1444,1444,1444,1210,747,739,372,368,7708,5505,29966,29965,29970,29973,29973,29974,29975,29976,29977,29976,29978,29978,29973,29974,29980,29980,29979,29980]} 1. Nf3 e6 2. c4 b6 3. g3 Bb7 4. Bg2 f5 5. d4 Nf6 6. O-O Be7 7. Nc3 O-O 8. d5 Na6 9. Nd4 {A84: Dutch Defence: 2 c4 Miscellaneous} Qc8 (9... Nc5 10. Bf4 a5 11. Rc1 Qc8 12. Ndb5 d6 13. dxe6 Bxg2 14. Kxg2 Nxe6 15. Be3 Rf7 16. f3 Qd7 {1-0 (39) Mareco,S (2635)-Vallejo Pons,F (2711) Doha 2016}) 10. e4 fxe4 {[%cal Re6d5]} 11. Nxe4 {The position is equal.} exd5 $146 ({Predecessor:} 11... Nxe4 12. Bxe4 Nc5 13. Bg2 a5 14. b3 exd5 15. cxd5 Bf6 16. Re1 Re8 17. Rxe8+ Qxe8 18. Be3 Qf7 19. Qf3 Nd3 20. Rd1 Nb4 21. Nb5 Rc8 {½-½ (21) Taylor,D (1937)-Evans,C (1962) England 2014}) 12. Nf5 Qe8 13. Nxe7+ Qxe7 14. Nxf6+ Qxf6 15. cxd5 Rae8 16. Qc2 Nb4 17. Qxc7 (17. Qb3 $1 $14 Ba6 18. Be3 Bxf1 19. Rxf1) 17... Ba6 $15 18. Be3 Bxf1 19. Rxf1 Qxb2 20. Qxa7 Qxa2 21. Qxd7 Nd3 $1 {White must now prevent ...Rxe3!} 22. Bd4 {[%csl Gd4][%cal Rd7g7]} Ne5 23. Qb5 {And now d6 would win.} Qc4 24. Qxb6 $40 {[%mdl 128] White has some attack.} Nd7 (24... Nf3+ $11 {keeps the balance.} 25. Bxf3 Rxf3) 25. Qb2 $1 $16 Re2 26. Qa1 Ra2 27. Qd1 Qe2 28. Bh3 Ne5 29. Qxe2 Rxe2 30. Be6+ Kh8 {aiming for ...Nf3+.} 31. f4 Nc4 32. f5 Ne5 33. Bxe5 (33. Rf2 $16 Re4 34. Bc3) 33... Rxe5 {[%mdl 4096] Endgame KRR-KRB} 34. d6 g6 $1 {[%cal Rg6f5]} 35. g4 (35. d7 $14) 35... Re4 $11 36. h3 Kg7 37. d7 {Threatens to win with fxg6.} Rd4 38. Rc1 {Strongly threatening Rc8.} Rb8 $2 {[#]} (38... gxf5 $11 {and Black has nothing to worry.} 39. Rc7 (39. Bxf5 Rxf5 40. gxf5 Rxd7 $11) (39. gxf5 Rb8 $11) 39... Kf6) 39. g5 $1 $18 gxf5 {[#]} 40. Rc8 $1 {[%cal Rc8b8]} Rb1+ 41. Kf2 {[%csl Ge6][%cal Rc8g8]} Kg6 42. d8=Q Rxd8 43. Rxd8 {Rg8+ is the strong threat.} Kxg5 {KRB-KR} 44. Rf8 Rb5 45. Kg3 Ra5 $2 (45... Re5) 46. h4+ Kg6 47. Bb3 Rb5 48. Bd1 Rd5 49. Bf3 Rd4 $2 (49... Rd7 50. Ra8 Kf6 51. Ra6+ Ke5) 50. h5+ Kg5 51. Rf7 f4+ 52. Kf2 Rd2+ {[#]} 53. Ke1 $1 Rd3 54. Ke2 Re3+ 55. Kf2 h6 $2 (55... Kh6 56. Rxf4 Re7) 56. Rg7+ Kf5 57. Rg6 {White mates.} Ra3 58. Bg4+ Ke5 59. Re6+ Kd4 60. Rxh6 Ra1 61. Re6 Kd5 62. Re8 Ra6 63. Bf5 Rf6 64. Bg6 Ra6 65. h6 {Accuracy: White = 77%, Black = 45%.} 1-0

[Event "Belt Road Women 2019"]
[Site "Shaoxing"]
[Date "2019.07.16"]
[Round "8.11"]
[White "Zhang, Xiao"]
[Black "Batsiashvili, Nino"]
[Result "1/2-1/2"]
[WhiteElo "2259"]
[BlackElo "2433"]
[Annotator "TA"]
[PlyCount "94"]
[EventDate "2019.07.08"]
[EventType "swiss"]
[EventCountry "CHN"]
[SourceTitle "playchess.com"]
[Source "ChessBase"]
[SourceQuality "1"]

{[%evp 11,94,20,38,0,15,3,8,6,13,0,4,2,6,21,0,4,16,16,31,21,15,22,19,22,21,10,32,32,36,30,33,39,31,23,27,22,16,0,0,0,0,0,0,0,0,0,0,0,0,0,0,0,16,0,0,0,0,0,0,0,0,0,0,0,0,0,0,0,0,0,0,0,0,0,0,0,0,0,0,0,0,0,0,0,0]} 1. d4 Nf6 2. c4 b6 3. Nf3 Bb7 4. g3 g6 5. Bg2 Bg7 6. O-O O-O 7. b3 {A50: Queen's Fianchetto Defence (1 d4 Nf6 2 c4 b6)} (7. d5 Na6 8. Nc3 Nc5 9. Nd4 a5 10. e4 e5 11. Nc2 d6 12. b3 Bc8 13. Rb1 Bd7 14. a3 a4 15. b4 {0-1 (38) Vidit,S (2707)-Rapport,R (2736) Hengshui 2019}) 7... d5 8. Bb2 Na6 9. Ne5 c5 10. e3 cxd4 11. exd4 Qc8 12. Nd2 $146 ({Predecessor:} 12. Qe2 dxc4 13. Bxb7 Qxb7 14. bxc4 Nd7 15. f4 Rac8 16. Nd2 {0-1 (51) Ferster,F (2188)-Moussard,J (2571) Zuerich 2016}) 12... dxc4 13. bxc4 Bxg2 14. Kxg2 Qb7+ 15. Qf3 Qxf3+ 16. Ndxf3 Rac8 17. a4 Nb8 18. Rfe1 Ne8 19. Rac1 Nd6 20. c5 bxc5 21. dxc5 Nb7 22. c6 Na5 $1 23. Rc5 {[#] Hoping for c7.} Naxc6 {The position is equal.} 24. Nxc6 Rxc6 25. Rxc6 Nxc6 26. Bxg7 Kxg7 $11 {[%mdl 4096] Endgame KRN-KRN} 27. Rc1 Nb4 28. Rc7 a5 29. Rxe7 Rd8 30. h4 h6 31. Re5 Nd5 32. Nd4 Nf4+ {[%mdl 64] [#] Discovered Attack} (32... Nc3 {with more complications.} 33. Nc6 Rd6 34. Nxa5 Nxa4 35. Nc4 Rc6) 33. gxf4 {aiming for Nf3.} Rxd4 {[%mdl 64] Double Attack} 34. Rxa5 Rxf4 {KR-KR} 35. Kg3 Rb4 36. Ra8 h5 37. f3 Kf6 38. a5 {[%cal Ba4a5,Ba5a6,Ba6a7][%mdl 32]} Ra4 39. a6 Kf5 40. Ra7 f6 41. Ra8 Ra3 42. a7 Ra4 43. Kh3 $1 Ra2 44. Kg3 Ra3 45. Kg2 $1 Ra2+ 46. Kg3 Ra1 47. Kg2 Ra2+ {Accuracy: White = 71%, Black = 73%.} 1/2-1/2

[Event "Belt Road Women 2019"]
[Site "Shaoxing"]
[Date "2019.07.16"]
[Round "8.12"]
[White "Bai, Xue"]
[Black "Song, Yuxin"]
[Result "0-1"]
[WhiteElo "2029"]
[BlackElo "2277"]
[Annotator "TA"]
[PlyCount "68"]
[EventDate "2019.07.08"]
[EventType "swiss"]
[EventCountry "CHN"]
[SourceTitle "playchess.com"]
[Source "ChessBase"]
[SourceQuality "1"]

{[%evp 11,68,2,39,0,0,-8,0,-37,-43,-28,-35,-31,-33,-34,-36,-126,-87,-111,-79,-75,-79,-79,-82,-86,-58,-114,-108,-175,-86,-91,-86,-177,-166,-165,-167,-331,-329,-332,-361,-339,-319,-763,-685,-783,-770,-794,-788,-751,-752,-740,-740,-740,-732,-614,-508,-29959,-669,-29980,-29981]} 1. e4 c5 2. Nf3 d6 3. d4 cxd4 4. Nxd4 e5 5. Nb3 Nf6 6. Nc3 $146 ({Predecessor:} 6. Bg5 Be7 7. Nc3 {0-1 (64) Sun,F (2134)-Munguntuul,B (2436) China 2013}) 6... Be6 7. Bg5 {B56: Classical Sicilian: Unusual Lines} Be7 8. Bb5+ Nc6 9. Nd5 {The position is equal.} Nxd5 10. exd5 {[%mdl 64] Pin} Bxg5 11. dxc6 O-O $1 {...Qc7 is the strong threat.} 12. cxb7 Rb8 {[%cal Ba8b8,Bb8b7,Bb7e7,Be7e3][%mdl 32]} 13. Qd3 ({Better is} 13. Ba6 $15) 13... Qb6 $36 {[%mdl 2048] Black has strong initiative.} 14. O-O e4 15. Qe2 Rxb7 16. a4 Bxb3 17. cxb3 d5 18. Kh1 (18. Qh5 $1 $15 Qf6 19. f4 Bxf4 20. Rad1) 18... Re7 $17 19. f3 {[#]} (19. Rad1 $17) 19... Qh6 (19... a6 $1 $19 {[%cal Ra6b5][%mdl 512] is more deadly.} 20. Bxa6 exf3) 20. fxe4 Bf4 {[%csl Gf4][%cal Rh6h2]} 21. g3 (21. h3 $17) 21... Bxg3 $1 $19 ({Weaker is} 21... Rxe4 22. Qf3 $11) 22. Qg2 Bd6 23. exd5 $2 (23. Rad1 {might work better.}) 23... Re3 24. Bd7 Rd8 $1 {[%cal Rd8d7]} ({Less strong is} 24... Rxb3 25. Rae1 $17) 25. Bf5 g6 ({Not} 25... Rxb3 26. Rad1 $17) 26. Kg1 $2 (26. Bg4 Rg3 27. Qf2) 26... Rde8 {Strongly threatening ...Re2.} 27. Bg4 R8e4 {( -> ...Rxg4!)} 28. Rf2 Re1+ 29. Rxe1 Rxe1+ 30. Rf1 {[#]} Bxh2+ $1 {[%mdl 512]} 31. Kh1 (31. Qxh2 Rxf1+) 31... Bd6+ 32. Bh3 Re2 33. Qf3 (33. Qxe2 $19 Qxh3+ {[%mdl 64] Double Attack} 34. Kg1) 33... f5 (33... Rh2+ $142 34. Kg1 f5 35. Bg2 {[#]} Rh1+ $1 {[%mdl 512]} 36. Kf2 Qd2+ {[%mdl 64] Double Attack} 37. Qe2 Bc5+ 38. Kf3 Qxd5+ {[%mdl 64] Double Attack} 39. Kg3 Qxb3+ 40. Qf3 f4+ $1 {[%mdl 576] Decoy} 41. Kxf4 Bd6+ 42. Ke4 Rh4+ 43. Qf4 Bxf4 44. Rxf4 Qxa4+ 45. Kd3 Rxf4 46. Bd5+ Kg7 47. Ke2 Qc2+ {[%mdl 64] Double Attack} 48. Ke3 Qf2+ 49. Kd3 Qd4+ 50. Kc2 Rf2+ 51. Kc1 Qxb2+ 52. Kd1 Rf1#) 34. Kg1 Re3 {Accuracy: White = 24%, Black = 81%.} 0-1

[Event "Belt Road Women 2019"]
[Site "Shaoxing"]
[Date "2019.07.16"]
[Round "8.13"]
[White "Du, Yuxin"]
[Black "Li, Yunshan"]
[Result "0-1"]
[WhiteElo "2015"]
[BlackElo "2254"]
[Annotator "TA"]
[PlyCount "98"]
[EventDate "2019.07.08"]
[EventType "swiss"]
[EventCountry "CHN"]
[SourceTitle "playchess.com"]
[Source "ChessBase"]
[SourceQuality "1"]

{[%evp 14,98,7,12,13,4,29,20,15,12,35,30,32,-5,8,2,8,0,0,0,2,2,2,0,0,2,2,2,2,0,0,0,10,7,6,0,0,0,0,-5,-5,-12,0,-16,-10,-6,-3,-8,-3,-8,-3,-10,-14,-8,0,0,0,0,0,-121,0,-624,-554,-693,-684,-1133,-1087,-1327,-1319,-1272,-1247,-1437,-1230,-1850,-1957,-2154,-2061,-29979,-29979,-29984,-29983,-29987,-29986,-29986,-29987,-29996,-29997]} 1. e4 c6 2. d4 d5 3. Nc3 dxe4 4. Nxe4 Nf6 5. Nxf6+ exf6 6. Nf3 Bd6 7. Be2 O-O 8. O-O Nd7 {[%cal Bb8d7,Bd7f6,Bf6d5][%mdl 32] B15: Caro-Kann: 3 Nc3: 3...g6 and 3...dxe4 4 Nxe4 Nf6 5 Nxf6+ exf6} (8... Re8 9. c4 Nd7 10. Bd3 Nf8 11. h3 Ng6 12. Qc2 Qa5 13. c5 Bb8 14. Bd2 Qd8 15. Rfe1 Be6 16. Bc4 Nf8 {0-1 (47) Nepomniachtchi,I (2767)-Carlsen,M (2840) Doha 2016}) 9. Be3 f5 10. Qc1 $146 ({Predecessor:} 10. c4 Nf6 11. Qc2 Re8 12. Rad1 Qc7 13. Rfe1 Ng4 14. Bd3 Bxh2+ 15. Kh1 g6 16. Bg5 {1-0 (45) Friml,A (2102)-Paganik,P (2267) Czechia 2012}) 10... Nf6 {The position is equal.} 11. Bf4 Nd5 12. Bxd6 Qxd6 13. g3 h6 14. Re1 Be6 15. c4 Nf6 16. Bd3 Rad8 17. Qc2 f4 18. Bf5 fxg3 19. hxg3 Bxf5 20. Qxf5 Rfe8 21. b3 g6 22. Qd3 Nh5 23. Rxe8+ Rxe8 24. Re1 (24. Qd2 {seems wilder.} Nf6 25. Kg2 Kg7 26. Rh1 h5 27. Re1) 24... Rxe1+ 25. Nxe1 Ng7 26. Nc2 Nf5 27. Qe4 Kf8 28. Kg2 h5 29. Qe5 Qxe5 30. dxe5 $11 {[%mdl 4096] Endgame KN-KN} Ke7 31. Kf3 Ke6 32. Kf4 c5 33. Ne1 Nd4 34. Nd3 b6 35. Ke4 Ne2 {White must now prevent ...Nc3+.} 36. a4 (36. Nf4+ $1 $11 Nxf4 37. Kxf4) 36... a5 (36... g5 $17 37. Ne1 Nd4) 37. b4 $2 {[%mdl 8192] [#]} (37. Nf4+ $11 Nxf4 38. Kxf4) 37... Nc3+ 38. Kf4 cxb4 39. c5 Nxa4 40. cxb6 Nxb6 41. Ke4 Kd7 42. Kd4 Kc6 43. e6 fxe6 44. Ne5+ Kb5 45. Nxg6 a4 {[%cal Ba5a4,Ba4a3][%mdl 32] Black mates.} 46. Kd3 a3 47. Kc2 Nc4 48. Kb3 Nd2+ 49. Ka2 Ka4 0-1

[Event "Belt Road Women 2019"]
[Site "Shaoxing"]
[Date "2019.07.16"]
[Round "8.14"]
[White "Fominykh, Maria"]
[Black "Hu, Yu A."]
[Result "1/2-1/2"]
[WhiteElo "2243"]
[BlackElo "2095"]
[Annotator "TA"]
[PlyCount "100"]
[EventDate "2019.07.08"]
[EventType "swiss"]
[EventCountry "CHN"]
[SourceTitle "playchess.com"]
[Source "ChessBase"]
[SourceQuality "1"]

{[%evp 23,100,-23,-19,-32,0,0,31,22,44,50,40,17,7,21,18,22,6,6,49,36,27,6,7,17,134,133,122,-9,-9,-24,78,72,75,0,78,78,108,118,146,147,219,159,158,141,231,231,231,191,156,0,0,0,0,0,0,0,0,0,8,-254,-254,-220,225,8,8,8,8,8,8,8,8,11,20,0,0,0,0,0,0]} 1. Nf3 Nf6 2. g3 e6 3. Bg2 d5 4. O-O Be7 5. d3 O-O 6. Nbd2 c5 7. e4 Nc6 8. Re1 b5 9. e5 Nd7 10. Nf1 a5 11. h4 b4 12. N1h2 a4 13. Ng4 {C00: French: Unusual White 2nd moves} Ba6 (13... h5 $5 {[%cal Rh5g4]} 14. Ngh2 Qb6 $11) (13... a3 14. b3 Ba6 15. Bg5 Nd4 16. Nxd4 cxd4 17. Qd2 Rc8 18. Rac1 Re8 19. Nh2 Qb6 20. Qf4 Bc5 {1-0 (29) Kuzubov,Y (2699)-Potkin,V (2574) Riadh 2017}) 14. h5 Qc7 15. Bf4 {White is slightly better.} Rfc8 16. h6 $146 {Strongly threatening hxg7.} ({Predecessor:} 16. a3 c4 17. Ng5 cxd3 18. cxd3 bxa3 19. bxa3 {0-1 (36) Hadjiev,E-Kret,T (2142) Kapuskasing 2004}) 16... g6 17. Qd2 Nd4 18. c4 bxc3 19. bxc3 Nxf3+ 20. Bxf3 Bb7 21. Rab1 $36 {[%mdl 2048] White has the initiative.} Bc6 22. Bg5 Bf8 23. c4 d4 (23... dxc4 $11 24. Bxc6 c3 25. Qxc3 Qxc6) 24. Bxc6 $1 $16 Qxc6 25. Nh2 (25. Rb5 $1 $16) 25... Rab8 $11 26. Qe2 Rb7 (26... a3 $11 {keeps the balance.}) 27. Rxb7 $1 $16 Qxb7 28. Qc2 $1 Qc6 (28... Qa8 $1 $11) 29. f4 $1 Rb8 30. Rb1 $1 Rxb1+ 31. Qxb1 Qb6 (31... f5 $16) 32. Qxb6 Nxb6 $18 {[%mdl 4096] Endgame [#] KBN-KBN} 33. a3 $1 Nc8 (33... f5 $16) 34. Ng4 Nb6 35. Nf2 f5 36. Nd1 $2 (36. exf6 $16 {Threatens to win with Ng4.} Nd7 37. g4) 36... Kf7 $1 $11 37. Bd8 Nd7 38. Nb2 Ke8 39. Bc7 Bxh6 40. Nxa4 g5 41. Nb2 $2 {[%mdl 8192]} (41. Nb6 $11 {and White has nothing to worry.}) 41... gxf4 $19 42. a4 {[%cal Ba3a4,Ba4a5,Ba5a6][%mdl 32] [#] a5 is the strong threat.} Nf8 $4 {[%mdl 8192]} ({Don't blunder} 42... fxg3 $2 43. a5 $18) (42... Bg5 $1 $19 {and all is fine.} 43. a5 Bd8 44. Bxd8 Kxd8 45. gxf4 Kc8) 43. gxf4 $2 (43. a5 $18 {Hoping for a6.} Kd7 44. Bd6) 43... Kd7 $1 $11 {[%cal Rd7c7] The position is equal.} 44. Bd6 Kc6 {And now ...Nd7 would win.} 45. a5 Nd7 46. Na4 Bxf4 47. a6 Bxe5 48. Bxe5 Nxe5 {[#]} 49. Nxc5 $1 {[%mdl 512] aiming for a7.} Kb6 (49... Kxc5 50. a7) 50. Nxe6 Nxd3 {Accuracy: White = 50%, Black = 47%.} 1/2-1/2

[Event "Belt Road Women 2019"]
[Site "Shaoxing"]
[Date "2019.07.16"]
[Round "8.15"]
[White "Pujari, Rucha"]
[Black "Yan, Tianqi"]
[Result "0-1"]
[WhiteElo "2268"]
[BlackElo "2034"]
[Annotator "TA"]
[PlyCount "56"]
[EventDate "2019.07.08"]
[EventType "swiss"]
[EventCountry "CHN"]
[SourceTitle "playchess.com"]
[Source "ChessBase"]
[SourceQuality "1"]

{[%evp 17,102,-6,3,0,0,-1,24,0,0,0,0,0,0,0,0,0,0,-46,-46,-46,-46,-93,-93,-95,-82,-86,-85,-98,-91,-87,-88,-79,-83,-106,-100,-88,-89,-137,-135,-154,-114,-120,-95,-96,-97,-96,-114,-108,-63,-61,-62,-75,0,-98,-47,-44,-35,-44,-44,-44,-43,-45,-104,-233,-218,-370,-355,-402,-347,-343,-454,-5583,-5064,-5035,-408,-406,-407,-456,-456,-2277,-1863,-4598,-4618,-2185,-1557,-5120,-5114]} 1. d4 Nf6 2. g3 d5 3. Bg2 e6 4. Nf3 Be7 5. O-O O-O 6. b3 c5 7. Bb2 Nc6 8. Nbd2 b6 9. c4 Bb7 10. Rc1 {D02: 1 d4 d5 2 Nf3 sidelines, including 2...Nf6 3 g3 and 2...Nf6 3 Bf4} (10. cxd5 Nxd5 11. dxc5 Bxc5 12. Qb1 Be7 13. e4 Ndb4 14. a3 Nd3 15. Bc3 Nc5 16. Nc4 b5 17. Rd1 Qc7 18. Ne3 Rfd8 19. Qc2 Rac8 20. Rxd8+ Nxd8 {½-½ (87) Dzagnidze,N (2566)-Kosteniuk,A (2534) Reykjavik 2015}) 10... Rc8 11. e3 Ne4 12. Ne5 {White has an edge.} (12. cxd5 {seems wilder.} exd5 13. Ne5 f5 14. Nxe4 dxe4 15. Nxc6 Bxc6 16. dxc5 bxc5 17. Re1) 12... Nxd2 $146 ({Predecessor:} 12... cxd4 13. Nxc6 Bxc6 14. Nxe4 dxe4 15. Qxd4 Qxd4 16. Bxd4 {½-½ (25) Bui,D-Le Hien,T Tan Binh 2000}) 13. Qxd2 cxd4 14. Nxc6 Bxc6 15. cxd5 dxe3 $1 16. fxe3 exd5 17. Rf5 (17. Qd4 $5 {[%cal Rd4g7]} Bf6 18. Rxf6 Qxf6 19. Qxf6 gxf6 20. Bh3 $11) 17... Qd6 18. Bxd5 Bxd5 19. Rxc8 Rxc8 20. Rxd5 Qg6 {And now ...Qb1+ would win.} 21. Qd3 Qxd3 22. Rxd3 $17 {[%mdl 4096] Endgame KRB-KRB} Rc2 23. Rd7 Bg5 24. Bd4 Rxa2 25. Rc7 {White threatens Rc8+ and mate.} h5 26. e4 h4 27. e5 {White wants to play e6!} Rd2 $1 28. Bc3 Be3+ {Played: Rd2-c2} 0-1

[Event "Belt Road Women 2019"]
[Site "Shaoxing"]
[Date "2019.07.16"]
[Round "8.16"]
[White "Xu, Yuze"]
[Black "Peng, Tianlu"]
[Result "1-0"]
[WhiteElo "2083"]
[BlackElo "1901"]
[Annotator "NA RC"]
[PlyCount "61"]
[EventDate "2019.07.08"]
[EventType "swiss"]
[EventCountry "CHN"]
[SourceTitle "playchess.com"]
[Source "ChessBase"]
[SourceQuality "1"]
[TimeControl "5400+30"]

1. e4 {[%emt 0:00:00]} c6 {[%emt 0:00:00]} 2. d4 {[%emt 0:00:00]} d5 {[%emt 0:00:01]} 3. exd5 {[%emt 0:00:00]} cxd5 {[%emt 0:00:01]} 4. c4 {[%emt 0:00:00]} Nf6 {[%emt 0:00:04]} 5. Nc3 {[%emt 0:00:13]} g6 {[%emt 0:00:14]} 6. Bg5 {[%emt 0:05:04]} Nbd7 {[%emt 0:02:53]} 7. cxd5 {[%emt 0:19:04]} Bg7 {[%emt 0:00:41]} 8. d6 {[%emt 0:04:06]} exd6 {[%emt 0:03:36]} 9. Qe2+ {[%emt 0:00:44]} Qe7 {[%emt 0:04:31]} 10. Nb5 {[%emt 0:01:39]} Qxe2+ {[%emt 0:04:26]} 11. Nxe2 {[%emt 0:00:38]} Ke7 {[%emt 0:05:47]} 12. Nec3 {[%emt 0:01:15]} Nb6 {[%emt 0:00:32]} 13. Nc7 {[%emt 0:03:27]} Rb8 {[%emt 0:02:10]} 14. a4 {[%emt 0:01:16]} Kd7 {[%emt 0:01:47]} 15. a5 {[%emt 0:00:34]} Kxc7 {[%emt 0:02:07]} 16. axb6+ {[%emt 0:00:19]} Kxb6 {[%emt 0:00:42]} 17. Bxf6 {[%emt 0:00:13]} Re8+ {[%emt 0:01:40]} 18. Be2 {[%emt 0:00:18]} Bh6 {[%emt 0:05:57]} 19. O-O {[%emt 0:00:42]} a6 {[%emt 0:00:55]} 20. Bf3 {[%emt 0:02:39]} Bf5 {[%emt 0:02:07]} 21. Nd5+ {[%emt 0:00:25]} Ka7 {[%emt 0:00:58]} 22. Nc7 {[%emt 0:00:32]} Bd3 {[%emt 0:02:29]} 23. Nxe8 {[%emt 0:00:34]} Bxf1 {[%emt 0:00:27]} 24. Nxd6 {[%emt 0:00:12]} Bd3 {[%emt 0:01:01]} 25. Nxf7 {[%emt 0:00:25]} Rf8 {[%emt 0:01:23]} 26. Nxh6 {[%emt 0:00:30]} Rxf6 {[%emt 0:00:04]} 27. Rd1 {[%emt 0:00:10]} Bc2 {[%emt 0:03:29]} 28. Rd2 {[%emt 0:00:07]} Re6 {[%emt 0:00:39]} 29. h3 {[%emt 0:00:33]} Ba4 {[%emt 0:00:16]} 30. d5 {[%emt 0:00:07]} Re1+ {[%emt 0:01:17]} 31. Kh2 {[%emt 0:00:05]} 1-0

[Event "Belt Road Women 2019"]
[Site "Shaoxing"]
[Date "2019.07.16"]
[Round "8.17"]
[White "Zhang, Yuxuan"]
[Black "Zhou, Yafei"]
[Result "1-0"]
[WhiteElo "1987"]
[BlackElo "1720"]
[Annotator "NA RC"]
[PlyCount "91"]
[EventDate "2019.07.08"]
[EventType "swiss"]
[EventCountry "CHN"]
[SourceTitle "playchess.com"]
[Source "ChessBase"]
[SourceQuality "1"]
[TimeControl "5400+30"]

1. e4 {[%emt 0:00:00]} e6 {[%emt 0:00:00]} 2. d4 {[%emt 0:00:00]} d5 {[%emt 0:00:00]} 3. Nd2 {[%emt 0:00:00]} c5 {[%emt 0:00:00]} 4. exd5 {[%emt 0:00:00]} Qxd5 {[%emt 0:00:00]} 5. dxc5 {[%emt 0:00:00]} Bxc5 {[%emt 0:00:05]} 6. Ngf3 {[%emt 0:00:05]} Nf6 {[%emt 0:00:21]} 7. Bc4 {[%emt 0:00:06]} Qc6 {[%emt 0:00:46]} 8. O-O {[%emt 0:00:45]} O-O {[%emt 0:01:16]} 9. Qe2 {[%emt 0:00:12]} a6 {[%emt 0:03:47]} 10. a4 {[%emt 0:00:55]} Nbd7 {[%emt 0:00:55]} 11. b3 {[%emt 0:02:17]} b6 {[%emt 0:06:31]} 12. Bb2 {[%emt 0:02:27]} Bb7 {[%emt 0:00:53]} 13. Bd3 {[%emt 0:01:12]} Rfe8 {[%emt 0:07:32]} 14. Nc4 {[%emt 0:01:49]} e5 {[%emt 0:10:20]} 15. Bf5 {[%emt 0:00:31]} e4 {[%emt 0:05:57]} 16. Nfe5 {[%emt 0:01:03]} Nxe5 {[%emt 0:02:40]} 17. Nxe5 {[%emt 0:00:10]} Qc7 {[%emt 0:00:47]} 18. Ng4 {[%emt 0:05:36]} Nxg4 {[%emt 0:11:18]} 19. Qxg4 {[%emt 0:00:14]} Bf8 {[%emt 0:01:25]} 20. Qh4 {[%emt 0:03:59]} h6 {[%emt 0:00:53]} 21. c4 {[%emt 0:02:06]} Qe7 {[%emt 0:01:34]} 22. Qg3 {[%emt 0:01:25]} Qg5 {[%emt 0:02:45]} 23. Qxg5 {[%emt 0:02:32]} hxg5 {[%emt 0:00:07]} 24. Rad1 {[%emt 0:00:46]} Rad8 {[%emt 0:00:25]} 25. Bc1 {[%emt 0:00:35]} Rxd1 {[%emt 0:05:27]} 26. Rxd1 {[%emt 0:00:06]} Re5 {[%emt 0:00:21]} 27. g4 {[%emt 0:04:43]} g6 {[%emt 0:01:55]} 28. Bd7 {[%emt 0:00:28]} Bg7 {[%emt 0:06:45]} 29. Be3 {[%emt 0:00:37]} f5 {[%emt 0:11:07]} 30. Bxb6 {[%emt 0:01:16]} f4 {[%emt 0:00:14]} 31. Bd4 {[%emt 0:00:54]} e3 {[%emt 0:10:03]} 32. Bxe5 {[%emt 0:00:09]} Bxe5 {[%emt 0:00:05]} 33. fxe3 {[%emt 0:00:14]} fxe3 {[%emt 0:00:29]} 34. Be6+ {[%emt 0:00:52]} Kf8 {[%emt 0:02:06]} 35. Rd8+ {[%emt 0:00:35]} Ke7 {[%emt 0:00:48]} 36. Rd7+ {[%emt 0:00:05]} Kxe6 {[%emt 0:00:08]} 37. Rxb7 {[%emt 0:00:04]} Bd4 {[%emt 0:01:48]} 38. Kf1 {[%emt 0:00:06]} Ke5 {[%emt 0:00:14]} 39. Rf7 {[%emt 0:00:44]} Ke4 {[%emt 0:00:22]} 40. Ke2 {[%emt 0:00:05]} Bc5 {[%emt 0:00:41]} 41. Rc7 {[%emt 0:00:14]} Bd4 {[%emt 0:00:31]} 42. c5 {[%emt 0:00:10]} Kd5 {[%emt 0:00:12]} 43. b4 {[%emt 0:00:31]} Kc4 {[%emt 0:02:37]} 44. Rd7 {[%emt 0:00:13]} Be5 {[%emt 0:01:19]} 45. c6 {[%emt 0:00:06]} Kxb4 {[%emt 0:00:40]} 46. c7 {[%emt 0:00:05]} 1-0